Physics of electron emission from metal-dielectric cathodes; IEEE Transactions on Dielectrics and Electrical Insulation; Vol. 2, № 2

Opis bibliograficzny
Parent link:IEEE Transactions on Dielectrics and Electrical Insulation
Vol. 2, № 2.— 1995.— P. 272-276
1. autor: Mesyats G. A. Gennady Andreyevich
Streszczenie:В фонде НТБ ТПУ отсутствует
Język:angielski
Wydane: 1995
Hasła przedmiotowe:
Format: Rozdział
KOHA link:https://koha.lib.tpu.ru/cgi-bin/koha/opac-detail.pl?biblionumber=596678

MARC

LEADER 00000naa0a2200000 4500
001 596678
005 20250121163357.0
035 |a (RuTPU)RU\TPU\tpu\19660 
090 |a 596678 
100 |a 20110805d1995 k||y0rusy50 ba 
101 0 |a eng 
102 |a US 
200 1 |a Physics of electron emission from metal-dielectric cathodes  |f G. A. Mesyats 
333 |a В фонде НТБ ТПУ отсутствует 
461 |t IEEE Transactions on Dielectrics and Electrical Insulation 
463 |t Vol. 2, № 2  |v P. 272-276  |d 1995 
610 1 |a труды учёных ТПУ 
700 1 |a Mesyats  |b G. A.  |c russian physicist  |c academican, vice-president of RAS  |c graduate of Tomsk Polytechnic Institute  |f 1936-  |g Gennady Andreyevich  |3 (RuTPU)RU\TPU\pers\28088 
801 1 |a RU  |b 63413507  |c 20110805 
942 |c BK